Salient features of the motor vehicles Act, 188 (Record no. 17786)

000 -LEADER
fixed length control field 00412pab a2200145 454500
008 - FIXED-LENGTH DATA ELEMENTS--GENERAL INFORMATION
fixed length control field 180718b1989 xxu||||| |||| 00| 0 eng d
100 ## - MAIN ENTRY--PERSONAL NAME
Personal name Viswanathan, P.V.
245 ## - TITLE STATEMENT
Title Salient features of the motor vehicles Act, 188
260 ## - PUBLICATION, DISTRIBUTION, ETC.
Date of publication, distribution, etc. 1989
300 ## - PHYSICAL DESCRIPTION
Extent 5-10
362 ## - DATES OF PUBLICATION AND/OR SEQUENTIAL DESIGNATION
Dates of publication and/or sequential designation Jun.
650 ## - SUBJECT ADDED ENTRY--TOPICAL TERM
Topical term or geographic name entry element Roads - Safety Devices and Measures - Legislation - India
773 ## - HOST ITEM ENTRY
Main entry heading Journal of Transport Management
909 ## -
-- 17786
Holdings
Withdrawn status Lost status Damaged status Not for loan Permanent Location Current Location Date acquired Serial Enumeration / chronology Barcode Date last seen Price effective from Koha item type
        Indian Institute of Public Administration Indian Institute of Public Administration 2018-07-19 Volume no: 13, Issue no: 6 AR17848 2018-07-19 2018-07-19 Articles

Powered by Koha